[Event "Mexican op 54th"]
[Site "Aguascalientes"]
[Date "2008.03.22"]
[Round "7"]
[White "Escobedo Tinajero, Alberto"]
[Black "Davalos Prieto, Abel"]
[Result "0-1"]
[WhiteElo "2374"]
[BlackElo "2269"]
[PlyCount "106"]
[EventDate "2008.03.18"]
[EventType "swiss"]
[EventRounds "9"]
[EventCountry "MEX"]
[SourceTitle "CBM 123 Extra"]
[Source "ChessBase"]
[SourceDate "2008.05.06"]
[SourceVersion "1"]
[SourceVersionDate "2008.05.06"]
[SourceQuality "1"]

1. d4 d5 2. Nf3 Nf6 3. c4 e6 4. e3 Be7 5. Nc3 0-0 6. Bd3 Nbd7 7. 0-0 c5 8. Qe2 cxd4 9. exd4 dxc4 10. Bxc4 Nb6 11. Bb3 Bd7 12. Ne5 Nbd5 13. Nxd5 Nxd5 14. Qe4 Bc6 15. Nxc6 bxc6 16. Rd1 Bf6 17. g3 g6 18. h4 Bg7 19. h5 Nf6 20. Qxc6 Nxh5 21. Be3 Nf6 22. Bf4 Rc8 23. Qa6 Qb6 24. Qxb6 axb6 25. Rac1 Rxc1 26. Rxc1 Rd8 27. Bc7 Rc8 28. Rc2 Nd5 29. Be5 Rxc2 30. Bxc2 Nb4 31. Bb1 Nc6 32. Be4 Nxe5 33. dxe5 Bxe5 34. b3 f5 35. Bc6 g5 36. Be8 Kf8 37. Bh5 Ke7 38. Kg2 Kf6 39. f3 Bd6 40. g4 e5 41. Kf2 Bc5+ 42. Ke2 e4 43. Be8 Ke5 44. Bc6 Kf4 45. gxf5 exf3+ 46. Bxf3 Kxf5 47. Bh5 g4 48. Kf1 Kg5 49. Be8 h5 50. Kg2 h4 51. Bd7 h3+ 52. Kh1 Kh4 53. b4 Bxb4 0-1

[Event "MEX-ch"]
[Site "Pachuca"]
[Date "2007.11.10"]
[Round "5"]
[White "Morales Garcia, Sergio Joshafatt"]
[Black "Escobedo Tinajero, Alberto"]
[Result "1-0"]
[WhiteElo "2296"]
[BlackElo "2392"]
[PlyCount "75"]
[EventDate "2007.11.08"]
[EventType "swiss"]
[EventRounds "6"]
[EventCountry "MEX"]
[SourceTitle "EXT 2024"]
[Source "ChessBase"]
[SourceDate "2023.10.10"]
[SourceVersion "1"]
[SourceVersionDate "2023.10.10"]
[SourceQuality "1"]

1. e4 c6 2. d4 d5 3. exd5 cxd5 4. c4 Nf6 5. Nc3 e6 6. Nf3 Bb4 7. cxd5 Nxd5 8. Qc2 Nc6 9. Bd3 Nf6 10. a3 Be7 11. 0-0 0-0 12. Be3 Bd7 13. Rad1 Rc8 14. Ne5 Be8 15. Qe2 a6 16. Bb1 Nd5 17. Qd3 f5 18. Ba2 Nc7 19. Bf4 Nxe5 20. Bxe5 Bd6 21. Rfe1 Bf7 22. Qg3 Bxe5 23. dxe5 Qe7 24. Rd6 Rfd8 25. Red1 Ne8 26. R6d4 Rxd4 27. Rxd4 Rd8 28. Qd3 Rxd4 29. Qxd4 g5 30. Na4 Qc7 31. h3 Qc6 32. Nc5 Kg7 33. Kh2 Nc7 34. Qd6 h6 35. b4 Nb5 36. Nxe6+ Bxe6 37. Qe7+ Kh8 38. Bxe6 1-0

[Event "Mexico City Icaro op"]
[Site "Mexico City"]
[Date "2007.04.27"]
[Round "1"]
[White "Machin Rivera, Mark"]
[Black "Escobedo Tinajero, Alberto"]
[Result "0-1"]
[WhiteElo "2162"]
[BlackElo "2390"]
[PlyCount "46"]
[EventDate "2007.04.27"]
[EventType "swiss"]
[EventRounds "9"]
[EventCountry "MEX"]
[SourceTitle "CBM 118 Extra"]
[Source "ChessBase"]
[SourceDate "2007.07.04"]
[SourceVersion "1"]
[SourceVersionDate "2007.07.04"]
[SourceQuality "1"]

1. e4 c6 2. d4 d5 3. Nc3 dxe4 4. Nxe4 Nd7 5. Nf3 Ngf6 6. Bd3 Nxe4 7. Bxe4 Nf6 8. Bd3 Bg4 9. c3 Qd5 10. Be2 e6 11. 0-0 Bd6 12. Re1 0-0-0 13. Ne5 Bxe5 14. Bxg4 Bc7 15. Bf3 Qf5 16. Qa4 a6 17. b4 g5 18. Bd1 Bxh2+ 19. Kxh2 Qxf2 20. Re5 h5 21. Bxg5 Ng4+ 22. Kh3 h4 23. Qxc6+ bxc6 0-1

[Event "Mexican op 53rd"]
[Site "Aguascalientes"]
[Date "2007.04.06"]
[Round "5"]
[White "Quinonez Centeno, Carlos David"]
[Black "Escobedo Tinajero, Alberto"]
[Result "1/2-1/2"]
[WhiteElo "2152"]
[BlackElo "2385"]
[PlyCount "73"]
[EventDate "2007.04.03"]
[EventType "swiss"]
[EventRounds "9"]
[EventCountry "MEX"]
[SourceTitle "CBM 117 Extra"]
[Source "ChessBase"]
[SourceDate "2007.05.09"]
[SourceVersion "1"]
[SourceVersionDate "2007.05.09"]
[SourceQuality "1"]

1. e4 c6 2. d4 d5 3. exd5 cxd5 4. c4 Nf6 5. Nc3 e6 6. Nf3 Bb4 7. Bd3 dxc4 8. Bxc4 0-0 9. 0-0 h6 10. Qe2 a6 11. a3 Be7 12. Rd1 b5 13. Ba2 Bb7 14. Ne5 Nbd7 15. Rd3 Kh8 16. Rg3 Nxe5 17. dxe5 Nh7 18. Qg4 Rg8 19. Be3 Qc7 20. Qh5 Bf8 21. Rc1 Rc8 22. h4 g6 23. Qg4 h5 24. Qf4 Qe7 25. Ne4 Rxc1+ 26. Bxc1 Bxe4 27. Qxe4 Bg7 28. Rc3 Rd8 29. g3 Qd7 30. Bb3 Rc8 31. Rxc8+ Qxc8 32. Be3 Nf8 33. Qd4 Nd7 34. f4 Bf8 35. Kh2 Bc5 36. Qc3 Qc7 37. Bc2 1/2-1/2

[Event "Morelia op 2nd"]
[Site "Morelia"]
[Date "2007.02.16"]
[Round "3"]
[White "Potkin, Vladimir"]
[Black "Escobedo Tinajero, Alberto"]
[Result "1-0"]
[WhiteElo "2580"]
[BlackElo "2385"]
[PlyCount "57"]
[EventDate "2007.02.15"]
[EventType "swiss"]
[EventRounds "7"]
[EventCountry "MEX"]
[SourceTitle "CBM 116 Extra"]
[Source "ChessBase"]
[SourceDate "2007.03.07"]
[SourceVersion "1"]
[SourceVersionDate "2007.03.07"]
[SourceQuality "1"]

1. d4 d5 2. c4 e6 3. Nc3 Nf6 4. cxd5 exd5 5. Bg5 Be7 6. e3 0-0 7. Bd3 Nbd7 8. Nge2 Re8 9. 0-0 Nf8 10. b4 Ne6 11. Bh4 a6 12. Qb3 c6 13. Na4 Ne4 14. Bxe7 Qxe7 15. Bxe4 dxe4 16. Nb6 Rb8 17. Rac1 Qh4 18. Ng3 Ng5 19. Nxc8 Rbxc8 20. d5 Rcd8 21. dxc6 bxc6 22. Rxc6 Re6 23. Rxe6 fxe6 24. Rd1 Rf8 25. Rd4 Kh8 26. Qd1 e5 27. Rd6 Nf7 28. Rxa6 Rd8 29. Qa4 1-0

[Event "Carlos Torre Memorial op 19th"]
[Site "Merida"]
[Date "2006.12.20"]
[Round "8"]
[White "Fernandez, Daniel"]
[Black "Escobedo Tinajero, Alberto"]
[Result "1/2-1/2"]
[WhiteElo "2451"]
[BlackElo "2383"]
[PlyCount "93"]
[EventDate "2006.12.14"]
[EventType "swiss"]
[EventRounds "9"]
[EventCountry "MEX"]
[SourceTitle "CBM 115 Extra"]
[Source "ChessBase"]
[SourceDate "2007.01.10"]
[SourceVersion "1"]
[SourceVersionDate "2007.01.10"]
[SourceQuality "1"]

1. d4 d5 2. c4 e6 3. Nf3 Nf6 4. Nc3 c6 5. e3 Nbd7 6. Bd3 dxc4 7. Bxc4 b5 8. Bd3 Bb7 9. e4 b4 10. Na4 c5 11. e5 Nd5 12. 0-0 cxd4 13. Re1 a6 14. Nxd4 Nc5 15. Bc2 Qa5 16. Nxc5 Bxc5 17. Nb3 Qb6 18. Nxc5 Qxc5 19. Bg5 h6 20. Rc1 Kf8 21. Be4 Qb6 22. Bd2 Rd8 23. Rc4 a5 24. Qc1 Ke7 25. Bxd5 exd5 26. Rg4 Rc8 27. Qd1 g5 28. h4 Qe6 29. hxg5 hxg5 30. Bxg5+ Kd7 31. Rf4 d4 32. Qxd4+ Ke8 33. Bh4 Rg8 34. Rd1 Rxg2+ 35. Kf1 Qa6+ 36. Rd3 Kf8 37. Qd6+ Qxd6 38. exd6 Rc1+ 39. Ke2 Rgg1 40. Be7+ Kg8 41. Ke3 Bc6 42. Bf6 Kf8 43. Rh4 Rge1+ 44. Kd4 Ke8 45. Bg5 Rc2 46. Rd2 Rxd2+ 47. Bxd2 1/2-1/2

[Event "Carlos Torre Memorial op 19th"]
[Site "Merida"]
[Date "2006.12.19"]
[Round "7"]
[White "Escobedo Tinajero, Alberto"]
[Black "Morales Garcia, Sergio Joshafatt"]
[Result "1-0"]
[WhiteElo "2383"]
[BlackElo "2230"]
[PlyCount "97"]
[EventDate "2006.12.14"]
[EventType "swiss"]
[EventRounds "9"]
[EventCountry "MEX"]
[SourceTitle "CBM 115 Extra"]
[Source "ChessBase"]
[SourceDate "2007.01.10"]
[SourceVersion "1"]
[SourceVersionDate "2007.01.10"]
[SourceQuality "1"]

1. d4 Nf6 2. c4 c5 3. d5 e6 4. Nc3 exd5 5. cxd5 Bd6 6. e4 Bc7 7. d6 Ba5 8. e5 0-0 9. exf6 Qxf6 10. Nf3 Bxc3+ 11. bxc3 Qxc3+ 12. Bd2 Re8+ 13. Be2 Qd3 14. Be3 Qc3+ 15. Kf1 b6 16. Rc1 Qf6 17. Bg5 Qf5 18. Be7 Ba6 19. Bxa6 Nxa6 20. a3 Nb8 21. Nh4 Qe4 22. Qc2 Qxc2 23. Rxc2 f6 24. Nf5 Nc6 25. f4 g6 26. Ne3 Nxe7 27. dxe7 Rxe7 28. Nd5 Re6 29. Nc7 Rd6 30. Nxa8 Rd1+ 31. Ke2 Rxh1 32. Rd2 Kf7 33. Rxd7+ Ke6 34. Rxa7 Rb1 35. Nc7+ Kf5 36. Nd5 Rb3 37. Ra6 Ke4 38. Rxb6 Rxa3 39. Nxf6+ Kxf4 40. g3+ Kf5 41. Nxh7 Ra2+ 42. Kf3 Rxh2 43. g4+ Ke5 44. Ng5 Ra2 45. Re6+ Kd5 46. Rxg6 c4 47. Ne4 Ra8 48. Kf4 Rd8 49. g5 1-0

[Event "Carlos Torre Memorial op 19th"]
[Site "Merida"]
[Date "2006.12.15"]
[Round "2"]
[White "Escobedo Tinajero, Alberto"]
[Black "Varguez Baquedano, Alfredo"]
[Result "1-0"]
[WhiteElo "2383"]
[BlackElo "2005"]
[PlyCount "127"]
[EventDate "2006.12.14"]
[EventType "swiss"]
[EventRounds "9"]
[EventCountry "MEX"]
[SourceTitle "CBM 115 Extra"]
[Source "ChessBase"]
[SourceDate "2007.01.10"]
[SourceVersion "1"]
[SourceVersionDate "2007.01.10"]
[SourceQuality "1"]

1. d4 e6 2. c4 b6 3. Nf3 Bb7 4. g3 Bb4+ 5. Bd2 Bxf3 6. exf3 Bxd2+ 7. Qxd2 c5 8. dxc5 bxc5 9. Bg2 Nc6 10. f4 Rc8 11. Nc3 Nd4 12. 0-0 Ne7 13. Ne2 Nef5 14. Nxd4 Nxd4 15. b4 d6 16. b5 0-0 17. Rab1 Qb6 18. Kh1 Rb8 19. Rfe1 a5 20. Re3 Ra8 21. Bxa8 Rxa8 22. a4 Ra7 23. f3 Rd7 24. Rd3 f6 25. Qe3 Kf8 26. Rbd1 e5 27. Qe4 g6 28. Qd5 Kg7 29. fxe5 fxe5 30. f4 Qb7 31. Qxb7 Rxb7 32. fxe5 dxe5 33. Re3 Re7 34. b6 Kf6 35. Rf1+ Ke6 36. Rf8 Kd6 37. Rf6+ Kd7 38. b7 Kc7 39. Rb6 Kb8 40. Re1 Re8 41. Reb1 e4 42. Ra6 Kc7 43. Ra8 Rb8 44. Rxb8 Kxb8 45. Kg2 Nf5 46. Rb5 Nd6 47. Rxc5 Kxb7 48. Rxa5 Nxc4 49. Rc5 Nb6 50. Re5 Nxa4 51. Rxe4 Nc5 52. Re7+ Kc6 53. Rxh7 Nd3 54. g4 Kd6 55. Kg3 Ke6 56. h4 Kf6 57. Ra7 Ne5 58. Ra6+ Kg7 59. Kf4 Nf7 60. Ra7 Kf6 61. Rxf7+ Kxf7 62. Ke5 Ke7 63. g5 Kf7 64. Kd6 1-0

[Event "Carlos Torre Memorial op 19th"]
[Site "Merida"]
[Date "2006.12.15"]
[Round "3"]
[White "Hernandez Guerrero, Gilberto Eduardo"]
[Black "Escobedo Tinajero, Alberto"]
[Result "1/2-1/2"]
[WhiteElo "2551"]
[BlackElo "2383"]
[PlyCount "83"]
[EventDate "2006.12.14"]
[EventType "swiss"]
[EventRounds "9"]
[EventCountry "MEX"]
[SourceTitle "CBM 115 Extra"]
[Source "ChessBase"]
[SourceDate "2007.01.10"]
[SourceVersion "1"]
[SourceVersionDate "2007.01.10"]
[SourceQuality "1"]

1. e4 c6 2. d4 d5 3. Nd2 dxe4 4. Nxe4 Nd7 5. Bc4 Ngf6 6. Ng5 e6 7. Qe2 Nb6 8. Bb3 h6 9. N5f3 c5 10. Bf4 Nbd5 11. Be5 Qa5+ 12. Nd2 b5 13. dxc5 Bxc5 14. 0-0-0 Bb7 15. Ngf3 Qb6 16. c4 bxc4 17. Nxc4 Qa6 18. Nd6+ Bxd6 19. Qxa6 Bxa6 20. Bxd6 0-0-0 21. Bg3 Be2 22. Rd2 Bxf3 23. gxf3 Nb4 24. Rhd1 Rxd2 25. Rxd2 Rd8 26. Bc4 Rxd2 27. Kxd2 Nfd5 28. Be5 g5 29. Bg7 h5 30. a3 Nc6 31. b4 Nce7 32. Bh6 f6 33. Bf8 Kd7 34. b5 Nb6 35. Bb3 Ke8 36. Bxe7 Kxe7 37. Kc3 Kd6 38. Kb4 Nd7 39. Ka5 Nc5 40. Bc2 Kc7 41. a4 h4 42. Kb4 1/2-1/2

[Event "MEX-ch op 52nd "]
[Site "Mexico City"]
[Date "2006.04.14"]
[Round "6"]
[White "Escobedo Tinajero, Alberto"]
[Black "Carreto Nieto, Geovanni"]
[Result "1/2-1/2"]
[WhiteElo "2399"]
[BlackElo "2164"]
[PlyCount "83"]
[EventDate "2006.04.11"]
[EventType "swiss"]
[EventRounds "9"]
[EventCountry "MEX"]
[SourceTitle "EXT 2007"]
[Source "ChessBase"]
[SourceDate "2006.11.23"]
[SourceVersion "1"]
[SourceVersionDate "2006.11.23"]
[SourceQuality "1"]

1. d4 Nf6 2. c4 c5 3. d5 b5 4. cxb5 a6 5. bxa6 g6 6. Nc3 Bxa6 7. e4 Bxf1 8. Kxf1 d6 9. g3 Bg7 10. Kg2 0-0 11. h3 Nbd7 12. Nf3 Ra6 13. Qe2 Qa8 14. Rd1 Nb6 15. Bg5 h6 16. Bxf6 Bxf6 17. Rd2 Rb8 18. Rad1 Bxc3 19. bxc3 Ra3 20. Rc2 f6 21. h4 Kg7 22. h5 g5 23. Nh2 Nd7 24. Ng4 Qa4 25. c4 Rb4 26. f4 Nb6 27. e5 dxe5 28. Qe4 Rxc4 29. Qg6+ Kf8 30. Rcd2 Rcc3 31. Qxh6+ Ke8 32. Qg6+ Kd8 33. Rd3 Rxd3 34. Rxd3 Qc2+ 35. Nf2 Rxa2 36. Qg8+ Kc7 37. d6+ Kb7 38. dxe7 Qxf2+ 39. Kh3 Qf1+ 40. Kg4 Qxd3 41. e8Q Rg2 42. Qb8+ 1/2-1/2

[Event "Morelia op 01st"]
[Site "Morelia"]
[Date "2006.02.19"]
[Round "7"]
[White "Escobedo Tinajero, Alberto"]
[Black "Capo Vidal, Uriel"]
[Result "0-1"]
[WhiteElo "2393"]
[BlackElo "2293"]
[PlyCount "60"]
[EventDate "2006.02.16"]
[EventType "swiss"]
[EventRounds "7"]
[EventCountry "MEX"]
[SourceTitle "CBM 110 Extra"]
[Source "ChessBase"]
[SourceDate "2006.03.10"]
[SourceVersion "2"]
[SourceVersionDate "2006.03.10"]
[SourceQuality "1"]

1. d4 d5 2. c4 e6 3. Nc3 Nf6 4. Nf3 Be7 5. e3 0-0 6. Bd3 c5 7. 0-0 b6 8. cxd5 exd5 9. Ne5 Bb7 10. b3 Nbd7 11. f4 Ne4 12. Bb2 f5 13. Nxe4 fxe4 14. Be2 cxd4 15. Nxd7 Qxd7 16. Bxd4 Bf6 17. Bg4 Qd6 18. Rf2 Ba6 19. Bxf6 Rxf6 20. Qd4 Qc5 21. Qe5 Qd6 22. Rd2 Bd3 23. a3 Rd8 24. Qb2 Qc5 25. Qd4 Qxd4 26. exd4 Rxf4 27. h3 Ba6 28. Rdd1 e3 29. Kh2 Re8 30. Ra2 e2 0-1

[Event "Carlos Torre Memorial op 18th"]
[Site "Merida"]
[Date "2005.12.18"]
[Round "5"]
[White "Akobian, Varuzhan"]
[Black "Escobedo Tinajero, Alberto"]
[Result "1-0"]
[WhiteElo "2600"]
[BlackElo "2403"]
[PlyCount "65"]
[EventDate "2005.12.15"]
[EventType "swiss"]
[EventRounds "9"]
[EventCountry "MEX"]
[SourceTitle "CBM 109 Extra"]
[Source "ChessBase"]
[SourceDate "2006.01.03"]
[SourceVersion "2"]
[SourceVersionDate "2006.01.03"]
[SourceQuality "1"]

1. d4 d5 2. c4 e6 3. Nc3 Nf6 4. Nf3 c6 5. e3 Nbd7 6. Bd3 dxc4 7. Bxc4 b5 8. Bd3 Bb7 9. e4 b4 10. Na4 c5 11. e5 Nd5 12. 0-0 cxd4 13. Re1 a6 14. Nxd4 Nc5 15. Nxc5 Bxc5 16. Nb3 Be7 17. Qg4 g5 18. Qe2 h5 19. Bd2 g4 20. Rac1 Qb6 21. Be4 Rg8 22. Rc2 h4 23. g3 hxg3 24. hxg3 Bg5 25. Nc5 Bxd2 26. Qxd2 Rd8 27. Qh6 Ba8 28. Rec1 a5 29. Rc4 Ke7 30. Qh4+ Ke8 31. Bg2 Qb8 32. Nxe6 fxe6 33. Qh5+ 1-0

[Event "Carlos Torre Memorial op 17th"]
[Site "Merida"]
[Date "2004.12.18"]
[Round "7"]
[White "Escobedo Tinajero, Alberto"]
[Black "Nogueiras Santiago, Jesus"]
[Result "1/2-1/2"]
[WhiteElo "2386"]
[BlackElo "2546"]
[PlyCount "73"]
[EventDate "2004.12.13"]
[EventType "swiss"]
[EventRounds "9"]
[EventCountry "MEX"]
[SourceTitle "CBM 103 Extra"]
[Source "ChessBase"]
[SourceDate "2005.01.01"]
[SourceVersion "1"]
[SourceVersionDate "2005.01.01"]
[SourceQuality "1"]

1. d4 e6 2. c4 b6 3. Nc3 Bb4 4. Qc2 Bb7 5. a3 Bxc3+ 6. Qxc3 f5 7. Nh3 Nf6 8. f3 0-0 9. Bg5 h6 10. Bh4 Nc6 11. e3 Ne7 12. Bxf6 Rxf6 13. 0-0-0 g5 14. Nf2 Ng6 15. Kb1 Qe7 16. Bd3 Raf8 17. e4 Qg7 18. Bc2 R6f7 19. c5 fxe4 20. Bxe4 Bxe4+ 21. Nxe4 Nf4 22. Qd2 bxc5 23. Nxc5 d6 24. Na4 Nd5 25. Ka1 Rf4 26. Nc3 g4 27. Nxd5 exd5 28. Rhe1 gxf3 29. gxf3 Kh8 30. Re6 R4f6 31. Rde1 Rxe6 32. Rxe6 Rf6 33. Re8+ Rf8 34. Re6 Rf6 35. Re8+ Rf8 36. Re6 Rf6 37. Re8+ 1/2-1/2

[Event "Carlos Torre Memorial op 17th"]
[Site "Merida"]
[Date "2004.12.13"]
[Round "1"]
[White "Escobedo Tinajero, Alberto"]
[Black "Morales, Carlos"]
[Result "1-0"]
[WhiteElo "2386"]
[BlackElo "1945"]
[PlyCount "61"]
[EventDate "2004.12.13"]
[EventType "swiss"]
[EventRounds "9"]
[EventCountry "MEX"]
[SourceTitle "CBM 103 Extra"]
[Source "ChessBase"]
[SourceDate "2005.01.01"]
[SourceVersion "1"]
[SourceVersionDate "2005.01.01"]
[SourceQuality "1"]

1. d4 Nf6 2. c4 e6 3. Nc3 c5 4. d5 exd5 5. cxd5 d6 6. e4 g6 7. f4 Qe7 8. Bd3 a6 9. a4 Bg7 10. Nf3 Bg4 11. 0-0 0-0 12. h3 Bxf3 13. Qxf3 Nbd7 14. Be3 Rac8 15. Rad1 c4 16. Bc2 Nc5 17. Rfe1 Nfd7 18. Bf2 Rfe8 19. h4 b5 20. axb5 axb5 21. Nxb5 Rb8 22. Nd4 Rxb2 23. Qc3 Reb8 24. e5 Qf8 25. Nc6 R8b6 26. Qxc4 dxe5 27. fxe5 Kh8 28. e6 fxe6 29. dxe6 Rxc6 30. exd7 Rb8 31. Qd5 1-0

[Event "Olympiad-36"]
[Site "Mallorca"]
[Date "2004.10.22"]
[Round "7"]
[White "Escobedo Tinajero, Alberto"]
[Black "Tu, Hoang Thong"]
[Result "1/2-1/2"]
[WhiteElo "2386"]
[BlackElo "2499"]
[PlyCount "24"]
[EventDate "2004.10.15"]
[EventType "team-swiss"]
[EventRounds "14"]
[EventCountry "ESP"]
[SourceTitle "CBM 104"]
[Source "ChessBase"]
[SourceDate "2005.01.27"]
[SourceVersion "1"]
[SourceVersionDate "2005.01.27"]
[SourceQuality "1"]
[WhiteTeam "Mexico"]
[BlackTeam "Vietnam"]
[WhiteTeamCountry "MEX"]
[BlackTeamCountry "VIE"]

1. d4 f5 2. Nf3 Nf6 3. g3 e6 4. Bg2 Be7 5. 0-0 0-0 6. c4 d6 7. Nc3 Qe8 8. Bg5 Nbd7 9. Bxf6 Nxf6 10. e3 Qh5 11. Re1 Bd7 12. Nd2 Qxd1 1/2-1/2

[Event "Olympiad-36"]
[Site "Mallorca"]
[Date "2004.10.18"]
[Round "4"]
[White "Kassis, Antoine"]
[Black "Escobedo Tinajero, Alberto"]
[Result "1/2-1/2"]
[WhiteElo "2221"]
[BlackElo "2386"]
[PlyCount "45"]
[EventDate "2004.10.15"]
[EventType "team-swiss"]
[EventRounds "14"]
[EventCountry "ESP"]
[SourceTitle "CBM 104"]
[Source "ChessBase"]
[SourceDate "2005.01.27"]
[SourceVersion "1"]
[SourceVersionDate "2005.01.27"]
[SourceQuality "1"]
[WhiteTeam "Lebanon"]
[BlackTeam "Mexico"]
[WhiteTeamCountry "LBN"]
[BlackTeamCountry "MEX"]

1. e4 c6 2. d4 d5 3. Nd2 dxe4 4. Nxe4 Nd7 5. Ng5 Ngf6 6. Bd3 e6 7. N1f3 Bd6 8. Qe2 h6 9. Ne4 Nxe4 10. Qxe4 Nf6 11. Qh4 Ke7 12. Ne5 Bxe5 13. dxe5 Qa5+ 14. c3 Qxe5+ 15. Be3 c5 16. 0-0-0 g5 17. Qh3 Bd7 18. Rhe1 Qc7 19. Kb1 b6 20. Bc4 Rad8 21. Bc1 b5 22. Bb3 a5 23. f4 1/2-1/2

[Event "Olympiad-36"]
[Site "Mallorca"]
[Date "2004.10.17"]
[Round "3"]
[White "Escobedo Tinajero, Alberto"]
[Black "Nijboer, Friso"]
[Result "0-1"]
[WhiteElo "2386"]
[BlackElo "2567"]
[PlyCount "90"]
[EventDate "2004.10.15"]
[EventType "team-swiss"]
[EventRounds "14"]
[EventCountry "ESP"]
[SourceTitle "CBM 104"]
[Source "ChessBase"]
[SourceDate "2005.01.27"]
[SourceVersion "1"]
[SourceVersionDate "2005.01.27"]
[SourceQuality "1"]
[WhiteTeam "Mexico"]
[BlackTeam "Netherlands"]
[WhiteTeamCountry "MEX"]
[BlackTeamCountry "NED"]

1. d4 f5 2. Nc3 Nf6 3. Bg5 d5 4. Bxf6 exf6 5. e3 Be6 6. Bd3 Qd7 7. Nge2 Nc6 8. Nf4 Bf7 9. Bb5 a6 10. Be2 g6 11. Qd2 Ne7 12. h4 h5 13. 0-0-0 Nc8 14. f3 Nb6 15. Bd3 g5 16. hxg5 fxg5 17. Nh3 Rg8 18. Qe2 Bb4 19. Nb1 0-0-0 20. a3 Be7 21. Nc3 Kb8 22. Rhf1 Be6 23. Nf2 Rde8 24. Kb1 h4 25. Rfe1 Bf6 26. Qd2 g4 27. Ne2 Bf7 28. Nf4 Bg5 29. c3 Nc8 30. Be2 Nd6 31. fxg4 Bxf4 32. exf4 fxg4 33. Bd3 Be6 34. Rh1 h3 35. gxh3 g3 36. Ng4 Bxg4 37. hxg4 Qxg4 38. Rhg1 Ne4 39. Bxe4 Rxe4 40. Rdf1 Re2 41. Qd3 g2 42. Rf3 Rd2 43. Qxd2 Qxf3 44. Ka2 Qf1 45. Qe1 Qxe1 0-1

[Event "American Continental 02nd"]
[Site "Buenos Aires"]
[Date "2003.08.28"]
[Round "10"]
[White "Daneri, Martin"]
[Black "Escobedo Tinajero, Alberto"]
[Result "1-0"]
[WhiteElo "2175"]
[BlackElo "2405"]
[PlyCount "89"]
[EventDate "2003.08.17"]
[EventType "swiss"]
[EventRounds "11"]
[EventCountry "ARG"]
[SourceTitle "CBM 097"]
[Source "ChessBase"]
[SourceDate "2003.11.11"]
[SourceVersion "1"]
[SourceVersionDate "2003.11.11"]
[SourceQuality "1"]

1. d4 d5 2. Nf3 Nf6 3. Bf4 c6 4. c3 g6 5. Nbd2 Bg7 6. e3 0-0 7. Be2 b6 8. Ne5 Bb7 9. h4 h6 10. g4 Nfd7 11. Ndf3 Nxe5 12. Nxe5 Qc8 13. Qc2 Qe6 14. Kd2 Nd7 15. Nd3 Ba6 16. Rag1 c5 17. Qa4 Bxd3 18. Bxd3 c4 19. Bb1 Nf6 20. f3 Qd7 21. Qc2 Rfc8 22. g5 hxg5 23. Rxg5 Nh7 24. Rg2 Rc6 25. h5 Nf8 26. Qd1 Qe8 27. Be5 b5 28. Qg1 a5 29. hxg6 fxg6 30. Qh2 Raa6 31. Bxg7 Kxg7 32. Qe5+ Rf6 33. Qxd5 Rad6 34. Qh5 e5 35. Qh8+ Kf7 36. Rgh2 Qd8 37. Be4 b4 38. Kc1 exd4 39. exd4 bxc3 40. bxc3 a4 41. Rb2 Rd7 42. Qh2 Qa5 43. Kc2 Ne6 44. Qe5 Qd8 45. Rb8 1-0

[Event "American Continental 02nd"]
[Site "Buenos Aires"]
[Date "2003.08.25"]
[Round "7"]
[White "Escobedo Tinajero, Alberto"]
[Black "Leon Hoyos, Manuel"]
[Result "1/2-1/2"]
[WhiteElo "2405"]
[BlackElo "2281"]
[PlyCount "158"]
[EventDate "2003.08.17"]
[EventType "swiss"]
[EventRounds "11"]
[EventCountry "ARG"]
[SourceTitle "CBM 097"]
[Source "ChessBase"]
[SourceDate "2003.11.11"]
[SourceVersion "1"]
[SourceVersionDate "2003.11.11"]
[SourceQuality "1"]

1. d4 Nf6 2. c4 c5 3. d5 b5 4. cxb5 a6 5. bxa6 g6 6. Nc3 Bxa6 7. e4 Bxf1 8. Kxf1 d6 9. g3 Nbd7 10. Kg2 Bg7 11. Nf3 0-0 12. h3 Qa5 13. Bd2 Rfb8 14. b3 Qa3 15. Rc1 Ne8 16. Rc2 Nc7 17. Qe2 Qa6 18. Re1 Ra7 19. Bg5 Qxe2 20. Rexe2 Kf8 21. Na4 Nb5 22. Bc1 Ke8 23. Bb2 Bxb2 24. Rxb2 f6 25. Rbc2 Kd8 26. Rc1 Rba8 27. Ne1 Ra6 28. Nd3 Nd4 29. Rd2 Ra5 30. Ndb2 Rb5 31. Nc4 Rb7 32. Nc3 Nb6 33. Ne3 Rba7 34. Rcd1 Ra5 35. f4 Nb5 36. Nxb5 Rxb5 37. Rc1 Ra3 38. Kf2 Ke8 39. h4 Kf7 40. Rcc2 Rb4 41. e5 fxe5 42. fxe5 Kg7 43. h5 Nd7 44. Nc4 Ra8 45. exd6 exd6 46. hxg6 Nf6 47. Kg2 hxg6 48. Nxd6 Rd8 49. Nc4 Rxd5 50. Rxd5 Nxd5 51. Rd2 Nc3 52. Rd7+ Kh6 53. Ra7 Rb8 54. Ne5 Kg5 55. Ra6 Re8 56. Nf3+ Kh6 57. Nh4 Re2+ 58. Kf3 Rxa2 59. Rxg6+ Kh7 60. Rc6 Ra3 61. Rxc5 Rxb3 62. Rc7+ Kh6 63. Rc6+ Kh7 64. Rc8 Nd5+ 65. Ke4 Nf6+ 66. Kf5 Nh5 67. Rc7+ Kh6 68. Rc6+ Kh7 69. g4 Rb5+ 70. Ke6 Nf4+ 71. Kf6 Nd5+ 72. Kf7 Rb7+ 73. Ke6 Ne7 74. Ra6 Ng8 75. g5 Ne7 76. Rd6 Kg7 77. Rd7 Rxd7 78. Kxd7 Nf5 79. Nxf5+ Kg6 1/2-1/2

[Event "American Continental 02nd"]
[Site "Buenos Aires"]
[Date "2003.08.21"]
[Round "4"]
[White "Ferrara, Alexis"]
[Black "Escobedo Tinajero, Alberto"]
[Result "1/2-1/2"]
[WhiteElo "2210"]
[BlackElo "2405"]
[PlyCount "106"]
[EventDate "2003.08.17"]
[EventType "swiss"]
[EventRounds "11"]
[EventCountry "ARG"]
[SourceTitle "CBM 097"]
[Source "ChessBase"]
[SourceDate "2003.11.11"]
[SourceVersion "1"]
[SourceVersionDate "2003.11.11"]
[SourceQuality "1"]

1. d4 d5 2. c4 c6 3. Nf3 Nf6 4. Nc3 e6 5. g3 Be7 6. Bg2 0-0 7. 0-0 Nbd7 8. b3 b6 9. Bb2 Bb7 10. Nd2 Rb8 11. Rc1 c5 12. dxc5 bxc5 13. cxd5 exd5 14. Na4 Rc8 15. Qc2 Qa5 16. Rfd1 Qa6 17. e3 Rfd8 18. Nf3 Ne4 19. Ne5 Nxe5 20. Bxe5 Qe6 21. Bb2 f5 22. Qe2 Ba6 23. Qe1 Bb5 24. Nc3 Be8 25. Ne2 Qa6 26. Ra1 Bh5 27. f3 Bf6 28. Bxf6 Nxf6 29. Nf4 Bf7 30. Qf1 Qb6 31. Qd3 g6 32. Rac1 Re8 33. Qc3 a5 34. Re1 Rc6 35. Nd3 Nd7 36. Qd2 Rce6 37. Nf4 Rd6 38. Rcd1 Ne5 39. Qf2 Qc6 40. Qc2 a4 41. Nd3 Nxd3 42. Qxd3 axb3 43. axb3 Red8 44. Rc1 Qb6 45. Qc3 d4 46. Qxc5 d3 47. Qxb6 Rxb6 48. Red1 d2 49. Rc2 Rbd6 50. Rb2 Rd3 51. Bf1 Rxb3 52. Rbxd2 Rxd2 53. Rxd2 Rxe3 1/2-1/2